000 00546nam a2200181Ia 4500
005 20250508161543.0
008 008 250505s9999 xx 000 0 eng d
037 _aTextual
040 _aFEDL
_beng
_cFEDL
041 _aeng
_2eng
084 _a428, DEl
_qFEDL
245 0 _aNew english course, Book3: English reader for class 8th
245 0 _cDelhi Administration. Education Department
260 _aDelhi, India
_bManager of Publications
_c1968
300 _avi,140p
942 _cTEXL
_h428, DEl
999 _c1370734
_d1370734